02908nam a2200349 a 4500008004100000050002500041100002400066245008700090260003700177300000900214350000900223520005300232650004400285650003400329650002800363710004700391710008400438995015500522995015600677995015500833995015600988995015501144995015501299995015601454995015501610995015501765995015501920995015502075995015502230995015602385999001702541090505s1992 ||||||||||||||||| || u aGOV.ZAM(058)BA/1992A aKasonde, Emmanuel G10aBudget address, January 1992cBy the Minister of Finance, Hon. Emmanuel G. Kasonde aLusakabGovernment Printerc1992 a31p. a0.00 aMinister speech and report on the budget of 1981 aZAMBIA--APPROPRIATIONS AND EXPENDITURES 0aFINANCE--DEVELOPING COUNTRIES aBUDGET PLANNING--ZAMBIA aGovernment of the Republic of Zambia (GRZ) aGovernment of the Republic of Zambia. Ministry of Finance and National Planning aSPECIAL COLLECTIONSD0.00e03003873FCBU-MAIN LIBRARY (Kitwe)H1I0.00jGOV.ZAM(058)BA/1992BM2UAVAILABLEWMay 5, 2009y03003873ZZambiana Collection aSPECIAL COLLECTIONSD0.00e03003909FCBU-MAIN LIBRARY (Kitwe)H1I0.00jGOV.ZAM(058)BA/2003CM13UAVAILABLEWMay 8, 2009y03003909ZZambiana Collection aSPECIAL COLLECTIONSD0.00e03003888FCBU-MAIN LIBRARY (Kitwe)H1I0.00jGOV.ZAM(058)BA/2002AM9UAVAILABLEWMay 6, 2009y03003888ZZambiana Collection aSPECIAL COLLECTIONSD0.00e03003891FCBU-MAIN LIBRARY (Kitwe)H1I0.00jGOV.ZAM(058)BA/2003BM12UAVAILABLEWMay 6, 2009y03003891ZZambiana Collection aSPECIAL COLLECTIONSD0.00e03003872FCBU-MAIN LIBRARY (Kitwe)H1I0.00jGOV.ZAM(058)BA/1992AM1UAVAILABLEWMay 5, 2009y03003872ZZambiana Collection aSPECIAL COLLECTIONSD0.00e03003878FCBU-MAIN LIBRARY (Kitwe)H1I0.00jGOV.ZAM(058)BA/1993AM6UAVAILABLEWMay 5, 2009y03003878ZZambiana Collection aSPECIAL COLLECTIONSD0.00e03003889FCBU-MAIN LIBRARY (Kitwe)H1I0.00jGOV.ZAM(058)BA/2002BM10UAVAILABLEWMay 6, 2009y03003889ZZambiana Collection aSPECIAL COLLECTIONSD0.00e03003876FCBU-MAIN LIBRARY (Kitwe)H1I0.00jGOV.ZAM(058)BA/1992EM5UAVAILABLEWMay 5, 2009y03003876ZZambiana Collection aSPECIAL COLLECTIONSD0.00e03003874FCBU-MAIN LIBRARY (Kitwe)H1I0.00jGOV.ZAM(058)BA/1992CM3UAVAILABLEWMay 5, 2009y03003874ZZambiana Collection aSPECIAL COLLECTIONSD0.00e03003875FCBU-MAIN LIBRARY (Kitwe)H1I0.00jGOV.ZAM(058)BA/1992DM4UAVAILABLEWMay 5, 2009y03003875ZZambiana Collection aSPECIAL COLLECTIONSD0.00e03003880FCBU-MAIN LIBRARY (Kitwe)H1I0.00jGOV.ZAM(058)BA/1993CM8UAVAILABLEWMay 5, 2009y03003880ZZambiana Collection aSPECIAL COLLECTIONSD0.00e03003879FCBU-MAIN LIBRARY (Kitwe)H1I0.00jGOV.ZAM(058)BA/1993BM7UAVAILABLEWMay 5, 2009y03003879ZZambiana Collection aSPECIAL COLLECTIONSD0.00e03003890FCBU-MAIN LIBRARY (Kitwe)H1I0.00jGOV.ZAM(058)BA/2003AM11UAVAILABLEWMay 6, 2009y03003890ZZambiana Collection c78886d78886